Library Banner

Current medical diagnosis & treatment / (Record no. 126365)

MARC details
000 -LEADER
fixed length control field 01188cas a2200409 4500
001 - CONTROL NUMBER
control field 11177578
005 - DATE AND TIME OF LATEST TRANSACTION
control field 20220420092040.0
008 - FIXED-LENGTH DATA ELEMENTS--GENERAL INFORMATION
fixed length control field 740402c19749999nyuar b 0 a0eng
020 ## - INTERNATIONAL STANDARD BOOK NUMBER
International Standard Book Number 9781264269402
022 0# - INTERNATIONAL STANDARD SERIAL NUMBER
International Standard Serial Number 0092-8682
040 ## - CATALOGING SOURCE
Transcribing agency PK-LaUMT
082 04 - DEWEY DECIMAL CLASSIFICATION NUMBER
Classification number 616.075
Edition number 22
Item number CUR-
245 00 - TITLE STATEMENT
Title Current medical diagnosis & treatment /
Statement of responsibility, etc edited by Maxine A. Papadakis . . . [et al.]
260 ## - PUBLICATION, DISTRIBUTION, ETC. (IMPRINT)
Place of publication, distribution, etc New York,
Name of publisher, distributor, etc McGraw-Hill,
Date of publication, distribution, etc 2022
300 ## - PHYSICAL DESCRIPTION
Extent 1840 p.
Other physical details illustrations
Dimensions 26 cm
500 ## - GENERAL NOTE
General note Published: New York : McGraw-Hill, 2000- ; McGraw-Hill Medical, <2009->.
650 #0 - SUBJECT ADDED ENTRY--TOPICAL TERM
Topical term or geographic name as entry element Diagnosis
650 #0 - SUBJECT ADDED ENTRY--TOPICAL TERM
Topical term or geographic name as entry element Therapeutics
650 #6 - SUBJECT ADDED ENTRY--TOPICAL TERM
Topical term or geographic name as entry element Diagnostics
650 #6 - SUBJECT ADDED ENTRY--TOPICAL TERM
Topical term or geographic name as entry element Thérapeutique
650 #6 - SUBJECT ADDED ENTRY--TOPICAL TERM
Topical term or geographic name as entry element Médecine clinique
650 #7 - SUBJECT ADDED ENTRY--TOPICAL TERM
Topical term or geographic name as entry element 44.50 diagnostic and therapy: general.
650 #7 - SUBJECT ADDED ENTRY--TOPICAL TERM
Topical term or geographic name as entry element Diagnosis.
650 #7 - SUBJECT ADDED ENTRY--TOPICAL TERM
Topical term or geographic name as entry element Therapeutics.
650 17 - SUBJECT ADDED ENTRY--TOPICAL TERM
Topical term or geographic name as entry element Diagnose.
650 17 - SUBJECT ADDED ENTRY--TOPICAL TERM
Topical term or geographic name as entry element Therapieën.
650 #2 - SUBJECT ADDED ENTRY--TOPICAL TERM
Topical term or geographic name as entry element Diagnosis
650 #2 - SUBJECT ADDED ENTRY--TOPICAL TERM
Topical term or geographic name as entry element Therapeutics
700 1# - ADDED ENTRY--PERSONAL NAME
Personal name Krupp, Marcus A.
700 1# - ADDED ENTRY--PERSONAL NAME
Personal name Chatton, Milton J.
700 1# - ADDED ENTRY--PERSONAL NAME
Personal name Tierney, Lawrence M.,
700 1# - ADDED ENTRY--PERSONAL NAME
Personal name McPhee, Stephen J.
700 1# - ADDED ENTRY--PERSONAL NAME
Personal name Papadakis, Maxine A.
942 ## - ADDED ENTRY ELEMENTS (KOHA)
Koha item type Books
Holdings
Withdrawn status Lost status Damaged status Home library Current library Date acquired Full call number Barcode Date last seen Price effective from Koha item type Copy number
      UMT Health Sciences Campus UMT Health Sciences Campus 2022-04-20 616.075 CUR- 142799 2025-01-09 2022-04-20 Books  
      UMT Health Sciences Campus UMT Health Sciences Campus 2022-04-20 616.075 CUR- 142800 2022-04-20 2022-04-20 Books C.2
      UMT Health Sciences Campus UMT Health Sciences Campus 2022-04-20 616.075 CUR- 142801 2022-04-20 2022-04-20 Books C.3
      UMT Health Sciences Campus UMT Health Sciences Campus 2022-04-20 616.075 CUR- 142802 2022-04-20 2022-04-20 Books C.4
      UMT Health Sciences Campus UMT Health Sciences Campus 2022-04-20 616.075 CUR- 142803 2026-01-08 2022-04-20 Books C.5
      UMT Health Sciences Campus UMT Health Sciences Campus 2022-04-20 616.075 CUR- 142804 2022-04-20 2022-04-20 Books C.6
      UMT Health Sciences Campus UMT Health Sciences Campus 2022-04-20 616.075 CUR- 142805 2022-04-20 2022-04-20 Books C.7
      UMT Health Sciences Campus UMT Health Sciences Campus 2022-04-20 616.075 CUR- 142806 2022-04-20 2022-04-20 Books C.8